| 000 | 00428nam a2200145Ia 4500 | ||
|---|---|---|---|
| 008 | 220217s9999||||xx |||||||||||||| ||und|| | ||
| 020 | _a81-265-0880-9 | ||
| 082 | _a004.21 DEN | ||
| 100 | _aDennis, Alan, Wixom, Barbara Haley and Roth, Roberta, M | ||
| 245 | 0 | _aSystems analysis and design | |
| 250 | _a3rd | ||
| 260 |
_aJohn wiely and sons, Inc. _bNew Delhi _c2006 |
||
| 300 | _b349 | ||
| 650 | _aCOMPUTER ARCHITECTURE | ||
| 999 |
_c176385 _d176385 |
||